TOWARDS EFFECTIVE NATIONAL FOREST FUNDS (Record no. 20965)

000 -LEADER
fixed length control field 00706cas a2200217 a 4500
020 ## - INTERNATIONAL STANDARD BOOK NUMBER
ISBN 9789251087060
022 ## - INTERNATIONAL STANDARD SERIAL NUMBER
ISSN 0258-6150
040 ## - CATALOGING SOURCE
Transcribing agency IXA
082 ## - DEWEY DECIMAL CLASSIFICATION NUMBER
Classification number FAO TOW 2015 C131 Or.
245 00 - TITLE STATEMENT
Title TOWARDS EFFECTIVE NATIONAL FOREST FUNDS
246 3# - VARYING FORM OF TITLE
Title proper/short title Food and Agriculture Organization of the United Nations
246 30 - VARYING FORM OF TITLE
Title proper/short title Forestry paper
246 13 - VARYING FORM OF TITLE
Title proper/short title Etude FAO, forêts
246 13 - VARYING FORM OF TITLE
Title proper/short title Etudio FAO, montes
260 ## - PUBLICATION, DISTRIBUTION, ETC. (IMPRINT)
Place of publication Rome :
Name of publisher Food and Agriculture Organization of the United Nations,
Year of publication 1977-
300 ## - PHYSICAL DESCRIPTION
Number of Pages volumes ;
Dimensions 28 cm.
650 #0 - SUBJECT ADDED ENTRY--TOPICAL TERM
Topical Term Forests and forestry
710 2# - ADDED ENTRY--CORPORATE NAME
Corporate name or jurisdiction name as entry element Food and Agriculture Organization of the United Nations
856 42 - ELECTRONIC LOCATION AND ACCESS
Uniform Resource Identifier http://www.fao.org/forestry/58718/en/
942 ## - ADDED ENTRY ELEMENTS (KOHA)
Koha item type ADB
952 ## - LOCATION AND ITEM INFORMATION (KOHA)
Withdrawn status [LOCAL, KOHA] 0
Holdings
Permanent Location Date acquired Koha item type Lost status Shelving location Barcode Current Location Full call number
Library Block C2023-01-23ADB C131a071024Library Block CFAO TOW 2015 C131 Or.
មជ្ឈមណ្ឌលឯការនៃសាកលវិទ្យាល័យភូមិន្ទកសិកម្មចំការដូង

Powered by Koha